[Event "Caissa CC Online"]
[Site "Chess.com INT"]
[Date "2022.01.22"]
[Round "5"]
[White "Leyva, Hector"]
[Black "Mencos, Claudia"]
[Result "1-0"]
[WhiteElo "2310"]
[BlackElo "1977"]
[PlyCount "100"]
[EventDate "2022.01.22"]
[EventType "swiss (rapid)"]
[EventRounds "7"]
[EventCountry "GUA"]
[SourceTitle "CBM 206 Extra"]
[Source "ChessBase"]
[SourceDate "2022.03.31"]
[SourceVersion "1"]
[SourceVersionDate "2022.03.31"]
[SourceQuality "1"]

1. Nf3 Nf6 2. b3 d5 3. Bb2 c6 4. c4 Bf5 5. d3 e6 6. Nbd2 h6 7. g3 Nbd7 8. Bg2 Be7 9. 0-0 0-0 10. Qc2 Bh7 11. a3 Rc8 12. b4 Ne8 13. Qb3 Bf6 14. d4 dxc4 15. Nxc4 Nb6 16. Na5 Nd6 17. Ne5 Qe7 18. Rac1 Ne4 19. Rfd1 Bg5 20. e3 Bf6 21. Nd3 Rfd8 22. Nc5 Nxc5 23. bxc5 Nd5 24. e4 b6 25. exd5 bxa5 26. d6 Qd7 27. Bc3 Rb8 28. Qa4 Rb5 29. Bxa5 Rdb8 30. Bc7 R8b7 31. Qa6 Rxc7 32. dxc7 Qxc7 33. Qxc6 Qxc6 34. Bxc6 Rb8 35. Bg2 Bd8 36. d5 exd5 37. Rxd5 Bc7 38. c6 Bg6 39. Rd7 Rc8 40. Bh3 f5 41. g4 Be8 42. gxf5 Bb6 43. Rxg7+ Kxg7 44. f6+ Kxf6 45. Bxc8 Ke7 46. Re1+ Kd8 47. Bd7 Bf7 48. Re5 Ba2 49. Rh5 Kc7 50. Rxh6 Bb1 1-0

[Event "Guatemala Caissa op 2nd"]
[Site "Guatemala City"]
[Date "2020.01.10"]
[Round "5"]
[White "Leyva, Hector"]
[Black "Mitkov, Nikola"]
[Result "0-1"]
[WhiteElo "2319"]
[BlackElo "2508"]
[PlyCount "84"]
[EventDate "2020.01.08"]
[EventType "swiss"]
[EventRounds "9"]
[EventCountry "GUA"]
[SourceTitle "CBM 194 Extra"]
[Source "ChessBase"]
[SourceDate "2020.03.31"]
[SourceVersion "1"]
[SourceVersionDate "2020.03.31"]
[SourceQuality "1"]

1. e4 e5 2. Nf3 Nc6 3. Bb5 a6 4. Ba4 g6 5. d4 exd4 6. c3 Bg7 7. cxd4 b5 8. Bb3 Na5 9. Bc2 Ne7 10. 0-0 0-0 11. h3 d6 12. Nc3 Bb7 13. Re1 Re8 14. b4 Nc4 15. a4 c5 16. axb5 cxb4 17. Bb3 Qc7 18. Qd3 Na5 19. Nd5 Nxd5 20. Bxd5 Bxd5 21. exd5 Rxe1+ 22. Nxe1 axb5 23. Bd2 Qb7 24. Nc2 Nc4 25. Rb1 Qxd5 26. Rxb4 Ra4 27. Rb1 h6 28. Be3 Kh7 29. Nb4 Qa8 30. Nc2 Qa5 31. Qb3 Nd2 32. Bxd2 Qxd2 33. Ne3 Qa2 34. Qxb5 Bxd4 35. Rd1 Bc5 36. Qb7 Rf4 37. Nd5 Rxf2 38. Kh1 Qe2 39. Qb1 Rxg2 40. Nf6+ Kg7 41. Ng4 Qf3 42. Qa1+ Rb2# 0-1

[Event "Managua Hurtado Memorial 16th"]
[Site "Managua"]
[Date "2016.12.30"]
[Round "9"]
[White "Juarez Flores, Carlos Armando"]
[Black "Leyva, Hector"]
[Result "1/2-1/2"]
[WhiteElo "2376"]
[BlackElo "2327"]
[PlyCount "62"]
[EventDate "2016.12.26"]
[EventType "swiss"]
[EventRounds "9"]
[EventCountry "NCA"]
[SourceTitle "CBM 176 Extra"]
[Source "ChessBase"]
[SourceDate "2017.03.02"]
[SourceVersion "1"]
[SourceVersionDate "2017.03.02"]
[SourceQuality "1"]

1. e4 d6 2. d4 e5 3. dxe5 dxe5 4. Qxd8+ Kxd8 5. Nf3 f6 6. Be3 Be6 7. Nbd2 Nd7 8. Bc4 Bxc4 9. Nxc4 Bc5 10. 0-0-0 Bxe3+ 11. Nxe3 Ne7 12. Rd3 Kc8 13. Rhd1 Nb6 14. Nd2 Rd8 15. Rxd8+ Kxd8 16. Ndc4+ Kc8 17. Nxb6+ axb6 18. a3 c6 19. f3 Kc7 20. c3 b5 21. Kc2 Rd8 22. Rxd8 Kxd8 23. Kd3 Kc7 24. b4 Ng6 25. g3 Ne7 26. Kc2 Kd6 27. Kd3 Kc7 28. Kc2 Kd7 29. Kd3 Ke6 30. Kc2 Kd6 31. Kd3 Ke6 1/2-1/2

[Event "Managua Hurtado Memorial 16th"]
[Site "Managua"]
[Date "2016.12.29"]
[Round "7"]
[White "Lorenzana, Wilson Estuardo"]
[Black "Leyva, Hector"]
[Result "1/2-1/2"]
[WhiteElo "2247"]
[BlackElo "2327"]
[PlyCount "62"]
[EventDate "2016.12.26"]
[EventType "swiss"]
[EventRounds "9"]
[EventCountry "NCA"]
[SourceTitle "CBM 176 Extra"]
[Source "ChessBase"]
[SourceDate "2017.03.02"]
[SourceVersion "1"]
[SourceVersionDate "2017.03.02"]
[SourceQuality "1"]

1. e4 d6 2. d4 e5 3. dxe5 dxe5 4. Qxd8+ Kxd8 5. Nf3 f6 6. Be3 Be6 7. Nbd2 Nd7 8. Bc4 Bxc4 9. Nxc4 Bc5 10. 0-0-0 Bxe3+ 11. Nxe3 Ne7 12. Nd2 Kc8 13. f3 Rd8 14. Nb3 b6 15. c3 Nf8 16. Rxd8+ Kxd8 17. Rd1+ Ke8 18. Nd5 Ne6 19. Nxe7 Kxe7 20. g3 c6 21. Kd2 Rd8+ 22. Ke2 Rxd1 23. Kxd1 Kd6 24. Ke2 Nc5 25. Nxc5 Kxc5 26. Kd3 a5 27. b3 b5 28. a3 a4 29. b4+ Kd6 30. Kd2 Ke6 31. Kd3 Kd6 1/2-1/2

[Event "Managua Hurtado Memorial 16th"]
[Site "Managua"]
[Date "2016.12.27"]
[Round "2"]
[White "Leyva, Hector"]
[Black "Izaba, Rodolfo"]
[Result "1/2-1/2"]
[WhiteElo "2327"]
[BlackElo "2120"]
[PlyCount "88"]
[EventDate "2016.12.26"]
[EventType "swiss"]
[EventRounds "9"]
[EventCountry "NCA"]
[SourceTitle "CBM 176 Extra"]
[Source "ChessBase"]
[SourceDate "2017.03.02"]
[SourceVersion "1"]
[SourceVersionDate "2017.03.02"]
[SourceQuality "1"]

1. Nf3 Nf6 2. c4 e6 3. b3 b6 4. g3 Bb7 5. Bg2 c5 6. 0-0 Be7 7. Bb2 0-0 8. e3 d5 9. d3 dxc4 10. bxc4 Nc6 11. Qe2 Rc8 12. Ne1 Rc7 13. f4 Ne8 14. Nd2 Bf6 15. Ndf3 Bxb2 16. Qxb2 Qf6 17. Ne5 Nxe5 18. fxe5 Qg5 19. Rf4 Bxg2 20. Kxg2 Qd8 21. Qe2 Rd7 22. Rd1 Nc7 23. Rd2 b5 24. cxb5 Nxb5 25. Rc4 Qb6 26. Rb2 Qc6+ 27. Qf3 Rd5 28. a4 Nc7 29. Rbc2 Na6 30. d4 Rfd8 31. Nd3 Qd7 32. Nf4 Nb4 33. Rf2 a5 34. Rf1 cxd4 35. Nxd5 exd5 36. Rxd4 Nc6 37. Rh4 h6 38. Qf5 Qe7 39. Rc1 Nxe5 40. Rc8 Rxc8 41. Qxc8+ Kh7 42. Qf5+ Kg8 43. Qc8+ Kh7 44. Qf5+ Kg8 1/2-1/2

[Event "NCA-ch"]
[Site "Managua"]
[Date "2012.03.18"]
[Round "9"]
[White "Garcia, Antonio Manuel Cost"]
[Black "Leyva, Hector"]
[Result "0-1"]
[WhiteElo "1991"]
[BlackElo "2377"]
[PlyCount "88"]
[EventDate "2012.03.03"]
[EventType "tourn"]
[EventRounds "11"]
[EventCountry "NCA"]
[SourceTitle "EXT 2013"]
[Source "ChessBase"]
[SourceDate "2012.11.22"]
[SourceVersion "1"]
[SourceVersionDate "2012.11.22"]
[SourceQuality "1"]

1. c4 g6 2. Nc3 Bg7 3. e4 c5 4. Nf3 Nc6 5. Be2 d6 6. 0-0 a6 7. d3 Rb8 8. Bd2 Bg4 9. h3 Bxf3 10. Bxf3 Nf6 11. Nd5 Nd7 12. Bc3 Nd4 13. g3 b5 14. Rb1 b4 15. Bxd4 Bxd4 16. Kh2 h5 17. Bg2 h4 18. g4 e6 19. Ne3 Qf6 20. Qe2 g5 21. Rfd1 Ne5 22. Kg1 Ng6 23. b3 Nf4 24. Qf3 Qe5 25. Bf1 Rh6 26. Nf5 exf5 27. exf5 Bc3 28. Qe4 Qxe4 29. dxe4 Ke7 30. Rbc1 Bd4 31. Rc2 Rhh8 32. Bg2 Be5 33. Kf1 Rb6 34. f3 Rc8 35. Ke1 a5 36. Bf1 Rc7 37. Rb1 Ra7 38. Kd2 a4 39. Kc1 Rba6 40. Kd1 axb3 41. axb3 Bc3 42. Rbc1 Ra3 43. Rb1 Kf6 44. Rh2 Ra2 0-1

[Event "NCA-ch"]
[Site "Managua"]
[Date "2012.03.11"]
[Round "6"]
[White "Leyva, Hector"]
[Black "Ortiz, Marcos"]
[Result "1-0"]
[WhiteElo "2377"]
[BlackElo "2174"]
[PlyCount "59"]
[EventDate "2012.03.03"]
[EventType "tourn"]
[EventRounds "11"]
[EventCountry "NCA"]
[SourceTitle "EXT 2013"]
[Source "ChessBase"]
[SourceDate "2012.11.22"]
[SourceVersion "1"]
[SourceVersionDate "2012.11.22"]
[SourceQuality "1"]

1. e4 c5 2. Nf3 d6 3. c3 Nf6 4. h3 Nc6 5. Bd3 g6 6. 0-0 Bg7 7. Bc2 0-0 8. d4 cxd4 9. cxd4 d5 10. e5 Ne4 11. Re1 f5 12. exf6 Rxf6 13. Nc3 Nxc3 14. bxc3 Bf5 15. Bb3 Kh8 16. Ne5 Rf8 17. Nxc6 bxc6 18. Bg5 Bf6 19. Qd2 Qd6 20. Bf4 Qa3 21. Re2 a5 22. Rae1 a4 23. Bd1 Rf7 24. Re3 c5 25. Bf3 Rd8 26. g4 Be4 27. Bxe4 dxe4 28. Rb1 e5 29. c4 Rxd4 30. Rxa3 1-0

[Event "NCA-ch"]
[Site "Managua"]
[Date "2012.03.10"]
[Round "4"]
[White "Leyva, Hector"]
[Black "Bravo, William"]
[Result "0-1"]
[WhiteElo "2377"]
[BlackElo "2251"]
[PlyCount "80"]
[EventDate "2012.03.03"]
[EventType "tourn"]
[EventRounds "11"]
[EventCountry "NCA"]
[SourceTitle "EXT 2013"]
[Source "ChessBase"]
[SourceDate "2012.11.22"]
[SourceVersion "1"]
[SourceVersionDate "2012.11.22"]
[SourceQuality "1"]

1. d4 Nf6 2. Nf3 g6 3. c4 Bg7 4. Nc3 0-0 5. e4 d6 6. Be2 e5 7. d5 a5 8. Bg5 h6 9. Bh4 Na6 10. Nd2 Bd7 11. a3 Qe8 12. b3 Nxe4 13. Ndxe4 f5 14. f3 fxe4 15. Nxe4 Nc5 16. Bd3 Nxd3+ 17. Qxd3 g5 18. Bf2 g4 19. fxg4 Qg6 20. 0-0 Bxg4 21. Rae1 b6 22. Bg3 Bf5 23. Rf3 Rf7 24. Qe3 Raf8 25. b4 axb4 26. axb4 Bg4 27. Rxf7 Rxf7 28. c5 bxc5 29. bxc5 Bf5 30. c6 Rf8 31. Nc3 Bd3 32. Rd1 e4 33. Ne2 Qg4 34. Rxd3 exd3 35. Qxd3 Qf5 36. Qd1 Rb8 37. Qd2 Rb2 38. Qf4 Qd3 39. Qg4 Qxe2 40. Qc8+ Bf8 0-1

[Event "Managua Hurtado Memorial 12th"]
[Site "Managua"]
[Date "2011.12.27"]
[Round "3"]
[White "Leyva, Hector"]
[Black "Alfaro Caracas, William"]
[Result "0-1"]
[WhiteElo "2384"]
[BlackElo "2231"]
[PlyCount "74"]
[EventDate "2011.12.26"]
[EventType "swiss"]
[EventRounds "9"]
[EventCountry "NCA"]
[SourceTitle "EXT 2013"]
[Source "ChessBase"]
[SourceDate "2012.11.22"]
[SourceVersion "1"]
[SourceVersionDate "2012.11.22"]
[SourceQuality "1"]

1. e4 c5 2. Nf3 d6 3. Bc4 e6 4. d3 Nf6 5. Bb3 Nc6 6. c3 Be7 7. 0-0 b5 8. Qe2 0-0 9. d4 b4 10. e5 Nd5 11. c4 Nc7 12. Rd1 cxd4 13. Nxd4 Nxe5 14. f4 Nd7 15. Nc6 Qe8 16. Nxe7+ Qxe7 17. Qd2 d5 18. cxd5 Nxd5 19. Bxd5 exd5 20. Qxd5 Nb6 21. Qe5 Qxe5 22. fxe5 Nc4 23. Rd4 Be6 24. Nd2 Ne3 25. b3 Nc2 26. Bb2 Nxa1 27. Bxa1 Rfd8 28. Kf2 Rxd4 29. Bxd4 a5 30. Ke3 Kf8 31. Bc5+ Ke8 32. Ne4 Kd7 33. a3 bxa3 34. Bxa3 Rb8 35. b4 axb4 36. Bb2 Kc6 37. g3 Ra8 0-1

[Event "Caribbean zt 2.3"]
[Site "Santiago de los Caballeros"]
[Date "2011.03.24"]
[Round "9"]
[White "Leyva, Hector"]
[Black "Arenas Vanegas, David"]
[Result "0-1"]
[WhiteElo "2393"]
[BlackElo "2420"]
[PlyCount "136"]
[EventDate "2011.03.18"]
[EventType "tourn"]
[EventRounds "13"]
[EventCountry "DOM"]
[EventCategory "7"]
[SourceTitle "CBM 141 Extra"]
[Source "ChessBase"]
[SourceDate "2011.05.03"]
[SourceVersion "1"]
[SourceVersionDate "2011.05.03"]
[SourceQuality "1"]

1. d4 Nf6 2. c4 g6 3. Nc3 Bg7 4. e4 d6 5. Nf3 0-0 6. Be2 e5 7. d5 a5 8. Bg5 h6 9. Bh4 Na6 10. Nd2 Qe8 11. a3 Bd7 12. b3 Nh7 13. Qb1 h5 14. f3 Bh6 15. Bf2 Qe7 16. h4 f5 17. Ra2 b6 18. b4 Nf6 19. Bd3 Bf4 20. Ke2 Kh8 21. Re1 Ng8 22. c5 bxc5 23. b5 c4 24. Nxc4 Nc5 25. Rb2 Nxd3 26. Kxd3 Nf6 27. b6 fxe4+ 28. Rxe4 cxb6 29. Rxb6 Rac8 30. Rb7 Qd8 31. Qb6 Nxe4 32. Nxe4 Qxb6 33. Rxb6 Bf5 34. Rxd6 Rcd8 35. g3 Bc1 36. Bc5 Rc8 37. Rc6 Rfd8 38. Rxc8 Rxc8 39. Bd6 Bh6 40. Bxe5+ Bg7 41. Bxg7+ Kxg7 42. Kd4 a4 43. Nc5 Ra8 44. Ne5 Rd8 45. g4 hxg4 46. fxg4 Bc8 47. Nxa4 Rh8 48. Nb6 Bxg4 49. Nxg4 Rxh4 50. d6 Kf7 51. Kd5 Rxg4 52. Kc6 Rg1 53. a4 Ke8 54. a5 Ra1 55. Kc7 Rc1+ 56. Kb7 g5 57. a6 g4 58. a7 Ra1 59. a8Q+ Rxa8 60. Kxa8 g3 61. Kb7 Kd8 62. Kc6 g2 63. Nd5 g1Q 64. Nb6 Qd4 65. d7 Qf6+ 66. Kb7 Qd6 67. Ka8 Kc7 68. Nc8 Qc6+ 0-1

[Event "Caribbean zt 2.3"]
[Site "Santiago de los Caballeros"]
[Date "2011.03.19"]
[Round "2"]
[White "Cabralis, Quinn"]
[Black "Leyva, Hector"]
[Result "0-1"]
[WhiteElo "2203"]
[BlackElo "2393"]
[PlyCount "48"]
[EventDate "2011.03.18"]
[EventType "tourn"]
[EventRounds "13"]
[EventCountry "DOM"]
[EventCategory "7"]
[SourceTitle "CBM 141 Extra"]
[Source "ChessBase"]
[SourceDate "2011.05.03"]
[SourceVersion "1"]
[SourceVersionDate "2011.05.03"]
[SourceQuality "1"]

1. e4 c5 2. Nf3 d6 3. d4 cxd4 4. Qxd4 Nc6 5. Bb5 Bd7 6. Bxc6 Bxc6 7. Nc3 Nf6 8. Bg5 e6 9. 0-0-0 Be7 10. Qd3 0-0 11. Kb1 Qc7 12. h4 Rfd8 13. Nd4 d5 14. Nxc6 bxc6 15. Qe3 Rab8 16. e5 Ng4 17. Qg3 f5 18. f3 Bxg5 19. fxg4 f4 20. Qf3 Be7 21. Qxf4 Qa5 22. Ne2 Qb5 23. Qd4 Qxe2 24. Qxa7 Qxe5 0-1

[Event "Olympiad-38"]
[Site "Dresden"]
[Date "2008.11.15"]
[Round "3"]
[White "Sasikiran, Krishnan"]
[Black "Leyva, Hector"]
[Result "1-0"]
[WhiteElo "2694"]
[BlackElo "2399"]
[PlyCount "79"]
[EventDate "2008.11.13"]
[EventType "team-swiss"]
[EventRounds "11"]
[EventCountry "GER"]
[SourceTitle "CBM 128"]
[Source "ChessBase"]
[SourceDate "2009.01.28"]
[SourceVersion "1"]
[SourceVersionDate "2009.01.28"]
[SourceQuality "1"]
[WhiteTeam "India"]
[BlackTeam "El Salvador"]
[WhiteTeamCountry "IND"]
[BlackTeamCountry "ESA"]

1. d4 d5 2. c4 e6 3. Nc3 Be7 4. cxd5 exd5 5. Bf4 c6 6. Qc2 Nf6 7. e3 0-0 8. Bd3 Re8 9. Nge2 Nbd7 10. h3 Nf8 11. g4 Be6 12. Bg3 Rc8 13. Rd1 Bd6 14. Bxd6 Qxd6 15. Kd2 c5 16. dxc5 Rxc5 17. Kc1 b5 18. g5 b4 19. gxf6 g6 20. Qa4 Rb8 21. Rd2 Bd7 22. Qxa7 bxc3 23. Nxc3 Rc7 24. Qa5 Rc5 25. Qa7 Rc7 26. Qa5 Rc5 27. Qa3 Rxc3+ 28. Qxc3 Rc8 29. Bc4 Qc6 30. Rhd1 dxc4 31. e4 Ra8 32. a3 Qc7 33. Rd6 Be6 34. f4 Re8 35. f5 Bc8 36. Qe3 Bxf5 37. Qh6 Ne6 38. exf5 c3 39. fxe6 cxb2+ 40. Kb1 1-0

[Event "Olympiad-38"]
[Site "Dresden"]
[Date "2008.11.14"]
[Round "2"]
[White "Leyva, Hector"]
[Black "Zhao, Zong Yuan"]
[Result "1-0"]
[WhiteElo "2399"]
[BlackElo "2567"]
[PlyCount "91"]
[EventDate "2008.11.13"]
[EventType "team-swiss"]
[EventRounds "11"]
[EventCountry "GER"]
[SourceTitle "CBM 128"]
[Source "ChessBase"]
[SourceDate "2009.01.28"]
[SourceVersion "1"]
[SourceVersionDate "2009.01.28"]
[SourceQuality "1"]
[WhiteTeam "El Salvador"]
[BlackTeam "Australia"]
[WhiteTeamCountry "ESA"]
[BlackTeamCountry "AUS"]

1. e4 c5 2. Nf3 Nc6 3. d4 cxd4 4. Nxd4 e6 5. Nc3 Nf6 6. Ndb5 d6 7. Bf4 e5 8. Bg5 a6 9. Na3 b5 10. Nd5 Be7 11. Bxf6 Bxf6 12. c4 b4 13. Nc2 a5 14. b3 0-0 15. g3 Bg5 16. Bg2 Ne7 17. 0-0 Nxd5 18. Qxd5 Be6 19. Qd3 Qb6 20. Rad1 Rad8 21. Kh1 f5 22. f4 Bh6 23. Ne3 fxe4 24. Qxe4 Kh8 25. f5 Bg8 26. Nd5 Bxd5 27. Rxd5 Be3 28. Rb5 Qd4 29. Rxa5 h6 30. Rd5 Qxe4 31. Bxe4 Bc5 32. Kg2 h5 33. Rd3 Rf6 34. h3 Kh7 35. g4 Kh6 36. Rg3 g5 37. h4 gxh4 38. g5+ Kh7 39. Rh3 Rg8 40. g6+ Kg7 41. Rxh4 Rh8 42. Rfh1 Be3 43. Rxh5 Bh6 44. Kf3 Rff8 45. Bd5 Rf6 46. Ke4 1-0

[Event "Olympiad-37"]
[Site "Turin"]
[Date "2006.06.03"]
[Round "12"]
[White "Leyva, Hector"]
[Black "Carvalho, Guillermo"]
[Result "1/2-1/2"]
[WhiteElo "2410"]
[BlackElo "2239"]
[PlyCount "62"]
[EventDate "2006.05.21"]
[EventType "team-swiss"]
[EventRounds "13"]
[EventCountry "ITA"]
[SourceTitle "CBM 113"]
[Source "ChessBase"]
[SourceDate "2006.07.31"]
[SourceVersion "1"]
[SourceVersionDate "2006.07.31"]
[SourceQuality "1"]
[WhiteTeam "El Salvador"]
[BlackTeam "Uruguay"]
[WhiteTeamCountry "ESA"]
[BlackTeamCountry "URU"]

1. Nf3 d5 2. g3 Nf6 3. Bg2 Bf5 4. c4 e6 5. 0-0 c6 6. b3 Be7 7. Bb2 0-0 8. d3 a5 9. a3 h6 10. Nbd2 Na6 11. Qc2 Bh7 12. Rac1 Re8 13. Qb1 Nd7 14. Qa1 Bf6 15. d4 Rc8 16. Rfd1 Qb6 17. e3 Red8 18. Ne1 Re8 19. Qa2 Qd8 20. e4 dxe4 21. Nxe4 Bxe4 22. Bxe4 Qc7 23. Bg2 c5 24. Nf3 Rcd8 25. Bc3 b6 26. Qe2 cxd4 27. Nxd4 Ndc5 28. Nb5 Qe7 29. b4 axb4 30. axb4 Nb3 31. Rb1 Bxc3 1/2-1/2

[Event "Olympiad-37"]
[Site "Turin"]
[Date "2006.05.28"]
[Round "7"]
[White "Kulaots, Kaido"]
[Black "Leyva, Hector"]
[Result "1/2-1/2"]
[WhiteElo "2557"]
[BlackElo "2410"]
[PlyCount "73"]
[EventDate "2006.05.21"]
[EventType "team-swiss"]
[EventRounds "13"]
[EventCountry "ITA"]
[SourceTitle "CBM 113"]
[Source "ChessBase"]
[SourceDate "2006.07.31"]
[SourceVersion "1"]
[SourceVersionDate "2006.07.31"]
[SourceQuality "1"]
[WhiteTeam "Estonia"]
[BlackTeam "El Salvador"]
[WhiteTeamCountry "EST"]
[BlackTeamCountry "ESA"]

1. e4 c5 2. Nf3 d6 3. d4 cxd4 4. Nxd4 Nf6 5. Nc3 a6 6. Be3 e5 7. Nf3 Qc7 8. a4 b6 9. Nd5 Nxd5 10. Qxd5 Nc6 11. Ng5 Rb8 12. Bc4 Nd8 13. Qd3 Be7 14. Bxa6 Bxa6 15. Qxa6 Qxc2 16. Qb5+ Qc6 17. 0-0 Qxb5 18. axb5 Bxg5 19. Bxg5 Ne6 20. Be3 Nc7 21. Rfc1 Nxb5 22. Bxb6 Kd7 23. Be3 Ra8 24. Kf1 Rhc8 25. Rxa8 Rxa8 26. Rc4 Ra1+ 27. Ke2 Ra2 28. Rb4 Nc7 29. Kd3 d5 30. exd5 Nxd5 31. Rb7+ Ke6 32. Bd2 Ra4 33. g3 Rd4+ 34. Ke2 Re4+ 35. Kd3 Rd4+ 36. Ke2 Re4+ 37. Kd3 1/2-1/2

[Event "Olympiad-37"]
[Site "Turin"]
[Date "2006.05.23"]
[Round "3"]
[White "Hamdouchi, Hicham"]
[Black "Leyva, Hector"]
[Result "1-0"]
[WhiteElo "2559"]
[BlackElo "2410"]
[PlyCount "83"]
[EventDate "2006.05.21"]
[EventType "team-swiss"]
[EventRounds "13"]
[EventCountry "ITA"]
[SourceTitle "CBM 113"]
[Source "ChessBase"]
[SourceDate "2006.07.31"]
[SourceVersion "1"]
[SourceVersionDate "2006.07.31"]
[SourceQuality "1"]
[WhiteTeam "Morocco"]
[BlackTeam "El Salvador"]
[WhiteTeamCountry "MAR"]
[BlackTeamCountry "ESA"]

1. e4 c5 2. Nf3 d6 3. d4 cxd4 4. Qxd4 Nc6 5. Bb5 Bd7 6. Bxc6 Bxc6 7. Nc3 Nf6 8. Bg5 e6 9. 0-0-0 Be7 10. Qd3 Qa5 11. Kb1 0-0 12. h4 Rac8 13. Nd4 a6 14. f4 Rfe8 15. f5 Bd8 16. Rhe1 h6 17. Bf4 e5 18. Nb3 Qc7 19. Bc1 b5 20. Qxd6 Qb7 21. Qd3 a5 22. Qg3 Nxe4 23. Rxe4 Bxe4 24. Bxh6 Bf6 25. Rd6 Rxc3 26. bxc3 Qe7 27. Ra6 Bxf5 28. Nxa5 Qd8 29. Kb2 Bg6 30. Nc6 Qd1 31. Nb4 Qh5 32. Bg5 Bxg5 33. hxg5 Qe2 34. Rd6 e4 35. Qh3 e3 36. Rd4 Bh5 37. Qd7 Rf8 38. Qe7 Qf2 39. Nc6 Rc8 40. Rd8+ Rxd8 41. Qxd8+ Kh7 42. Ne7 1-0

[Event "Olympiad-37"]
[Site "Turin"]
[Date "2006.05.21"]
[Round "1"]
[White "Leyva, Hector"]
[Black "Navara, David"]
[Result "0-1"]
[WhiteElo "2410"]
[BlackElo "2658"]
[PlyCount "110"]
[EventDate "2006.05.21"]
[EventType "team-swiss"]
[EventRounds "13"]
[EventCountry "ITA"]
[SourceTitle "CBM 113"]
[Source "ChessBase"]
[SourceDate "2006.07.31"]
[SourceVersion "1"]
[SourceVersionDate "2006.07.31"]
[SourceQuality "1"]
[WhiteTeam "El Salvador"]
[BlackTeam "Czech Republic"]
[WhiteTeamCountry "ESA"]
[BlackTeamCountry "CZE"]

1. d4 Nf6 2. c4 e6 3. Nf3 b6 4. g3 Ba6 5. b3 b5 6. cxb5 Bxb5 7. Bg2 Bb4+ 8. Bd2 a5 9. Ne5 d5 10. Nc3 Ba6 11. Na4 Bb5 12. Nc3 Ba6 13. Na4 Nfd7 14. Bxb4 axb4 15. Nd3 Nc6 16. Ndc5 Bb5 17. Qd2 Qf6 18. Rd1 Nb6 19. 0-0 Nxa4 20. Nxa4 0-0 21. Nc5 Rfd8 22. Rfe1 Ra7 23. e3 e5 24. dxe5 Qe7 25. Rc1 Qxe5 26. Nd3 Qd6 27. Nf4 Ne5 28. Rc2 c6 29. h4 h6 30. h5 g5 31. hxg6 fxg6 32. Qd4 Rf7 33. Rc5 g5 34. Rxb5 cxb5 35. Nxd5 Nf3+ 36. Bxf3 Rxf3 37. Rd1 Rdf8 38. Rd2 Rxg3+ 39. fxg3 Qxg3+ 40. Rg2 Qe1+ 41. Kh2 Rf1 42. Ne7+ Kf7 43. Qd5+ Kxe7 44. Qe4+ Kf8 45. Rc2 Rf2+ 46. Rxf2+ Qxf2+ 47. Kh1 Qh4+ 48. Qxh4 gxh4 49. Kh2 Kf7 50. Kh3 Kf6 51. Kxh4 Kf5 52. Kg3 Ke4 53. Kf2 h5 54. Ke2 h4 55. Kf2 h3 0-1

[Event "San Jose zt 2.3.c2"]
[Site "San Jose"]
[Date "2004.09.12"]
[Round "9"]
[White "Ugalde Garcia, Ronald"]
[Black "Leyva, Hector"]
[Result "0-1"]
[WhiteElo "2165"]
[BlackElo "2399"]
[PlyCount "96"]
[EventDate "2004.09.05"]
[EventType "swiss"]
[EventRounds "9"]
[EventCountry "CRI"]
[SourceTitle "CBM 102 Extra"]
[Source "ChessBase"]
[SourceDate "2004.11.03"]
[SourceVersion "1"]
[SourceVersionDate "2004.11.03"]
[SourceQuality "1"]

1. e4 c5 2. Nf3 d6 3. c3 Nf6 4. d3 Nc6 5. Be2 g6 6. Bg5 Bg7 7. h3 Rb8 8. a4 a6 9. Na3 0-0 10. Qd2 Re8 11. 0-0 b5 12. axb5 axb5 13. Bf4 Na5 14. Qd1 b4 15. Nb1 bxc3 16. bxc3 c4 17. Be3 cxd3 18. Bxd3 Qc7 19. Nfd2 Be6 20. Qa4 Ra8 21. Qc2 Nd7 22. Ra4 Ne5 23. Be2 Nec4 24. Nxc4 Nxc4 25. Rxa8 Rxa8 26. Bd4 Ne5 27. Nd2 Ra2 28. Qd1 Bh6 29. f4 Nc6 30. Be3 Qa5 31. Qc1 Ra3 32. Nb1 Ra1 33. Bd3 Bg7 34. Qb2 Qa8 35. Qb6 Ra2 36. Qc7 h5 37. Re1 Bf6 38. Bb5 Na5 39. Bf2 Rb2 40. c4 Nb3 41. e5 Bh4 42. Bc6 Bxf2+ 43. Kh2 Qa5 44. Qb8+ Kh7 45. Rd1 Qc5 46. Bd5 Bxd5 47. cxd5 Bg3+ 48. Kh1 Rxg2 0-1

[Event "San Jose zt 2.3.c2"]
[Site "San Jose"]
[Date "2004.09.11"]
[Round "8"]
[White "Leyva, Hector"]
[Black "Lorenzana, Wilson Estuardo"]
[Result "0-1"]
[WhiteElo "2399"]
[BlackElo "2210"]
[PlyCount "112"]
[EventDate "2004.09.05"]
[EventType "swiss"]
[EventRounds "9"]
[EventCountry "CRI"]
[SourceTitle "CBM 102 Extra"]
[Source "ChessBase"]
[SourceDate "2004.11.03"]
[SourceVersion "1"]
[SourceVersionDate "2004.11.03"]
[SourceQuality "1"]

1. d4 Nf6 2. Nf3 g6 3. c4 Bg7 4. Nc3 0-0 5. e4 d6 6. Be2 e5 7. d5 a5 8. Bg5 Na6 9. Nd2 Bd7 10. a3 h6 11. Be3 Nh7 12. 0-0 f5 13. f3 f4 14. Bf2 g5 15. Rb1 Rf7 16. b4 axb4 17. axb4 b6 18. c5 bxc5 19. bxc5 Nxc5 20. Bxc5 dxc5 21. Bc4 Kh8 22. d6 Rf8 23. dxc7 Qxc7 24. Nd5 Qd8 25. Nb6 Rb8 26. Nxd7 Qxd7 27. Bd5 Nf6 28. Rxb8 Rxb8 29. Nc4 Qc7 30. Qc2 Ne8 31. Ra1 Nd6 32. Nxd6 Qxd6 33. h3 Qb6 34. Kh2 Qb2 35. Qa4 Qb6 36. Qd7 Qd8 37. Qc6 Qf6 38. Qxc5 g4 39. hxg4 Bf8 40. Qf2 Rc8 41. Kh3 Be7 42. g3 Rc3 43. Ra2 fxg3 44. Kxg3 h5 45. Ra8+ Kh7 46. Kg2 h4 47. f4 exf4 48. e5 Qxe5 49. Bf3 Qe3 50. Qxe3 Rxe3 51. Ra7 Kg6 52. Ra6+ Kg7 53. Ra7 h3+ 54. Kf2 Kg6 55. Ra5 Bh4+ 56. Kg1 Rxf3 0-1

[Event "San Jose zt 2.3.c2"]
[Site "San Jose"]
[Date "2004.09.07"]
[Round "4"]
[White "Leyva, Hector"]
[Black "Valdes Romero, Leonardo"]
[Result "1-0"]
[WhiteElo "2399"]
[BlackElo "2370"]
[PlyCount "71"]
[EventDate "2004.09.05"]
[EventType "swiss"]
[EventRounds "9"]
[EventCountry "CRI"]
[SourceTitle "CBM 102 Extra"]
[Source "ChessBase"]
[SourceDate "2004.11.03"]
[SourceVersion "1"]
[SourceVersionDate "2004.11.03"]
[SourceQuality "1"]

1. d4 Nf6 2. c4 g6 3. Nc3 Bg7 4. e4 d6 5. Nf3 0-0 6. Be2 e5 7. d5 a5 8. Bg5 h6 9. Bh4 Na6 10. Nd2 Qe8 11. a3 Bd7 12. b3 Nh7 13. Qb1 f5 14. f3 c5 15. Nb5 g5 16. Bf2 Qe7 17. exf5 Bxf5 18. Ne4 Rad8 19. Bd3 g4 20. fxg4 Bxg4 21. 0-0 Bf5 22. Nbc3 Bxe4 23. Nxe4 Ng5 24. Qe1 Rf4 25. Bg3 Rxf1+ 26. Kxf1 b6 27. Kg1 Rf8 28. Nxg5 Qxg5 29. Qe4 Rf7 30. Bh4 Qf4 31. Rf1 Qxe4 32. Bxe4 Rb7 33. Bf5 Nc7 34. Bd8 Na8 35. Bc8 Rb8 36. Be6+ 1-0